| 000 | 00423nam a2200169Ia 4500 | ||
|---|---|---|---|
| 005 | 20250424120238.0 | ||
| 008 | 250424s9999 xx 000 0 und d | ||
| 022 | _a15966798 | ||
| 050 | _aQE 327.N5 .G58/ | ||
| 245 | 0 | _aGlobal journal of geological sciences | |
| 260 | _aCalabar | ||
| 260 | _bCRC Press | ||
| 260 | _c2015 | ||
| 300 | _a71 p. : ill. ; 29 cm. | ||
| 650 | _aGeology--Nigeria--Periodicals. | ||
| 942 | _cSR | ||
| 999 |
_c38216 _d38216 |
||